Lenguaje gráfico infantil
Gespeichert in:
| Hauptverfasser: | , |
|---|---|
| Format: | Buch |
| Sprache: | Spanisch |
| Veröffentlicht: |
Santiago
CPEIP
1991
|
| Ausgabe: | 3a. ed |
| Schlagworte: | |
| Tags: |
Tag hinzufügen
Keine Tags, Fügen Sie den ersten Tag hinzu!
|
MARC
| LEADER | 00000nam a2200000 a 4500 | ||
|---|---|---|---|
| 001 | UCQ1049 | ||
| 003 | CL-VaPUC | ||
| 008 | 980703e19910000CL |||||||||||||||||spa|d | ||
| 082 | 0 | 4 | |a 152.3 |b FIS |2 21 |
| 100 | 0 | |a Fisher Pineda, Doris |e author |9 414558 | |
| 700 | 0 | |a Espinoza Sepúlveda, Iris |e author |9 414559 | |
| 245 | 1 | 0 | |a Lenguaje gráfico infantil |
| 250 | |a 3a. ed | ||
| 300 | |a 121 p | ||
| 942 | |c BK | ||
| 945 | |d 19980703 00:00:00 |a mvenant | ||
| 260 | |a Santiago |b CPEIP |c 1991 | ||
| 500 | |a Acompaña set de láminas | ||
| 650 | 0 | |a Pintura |9 265046 | |
| 650 | 0 | |a Psicología del niño |9 307305 | |
| 583 | |a last modification |c 20130106 11:51:15 |k Rodrigo Vera | ||
| 999 | |c 272056 |d 272054 | ||
| 952 | |0 0 |1 0 |4 0 |6 152_300000000000000_FIS_1991 |7 0 |8 A |9 306896 |a BIBEDU |b BIBEDU |d 2019-11-20 |i 3441334 |o 152.3 FIS 1991 |p 3441334 |r 2019-11-20 |w 2019-11-20 |y BK |k EPE | ||
| 952 | |0 0 |1 0 |4 0 |6 152_300000000000000_FIS_1991 |7 0 |8 A |9 306897 |a BIBEDU |b BIBEDU |d 2019-11-20 |i 345102K |o 152.3 FIS 1991 |p 345102K |r 2019-11-20 |w 2019-11-20 |y BK |k EPE | ||
| 952 | |0 0 |1 0 |4 0 |6 152_300000000000000_FIS_1991 |7 0 |8 A |9 306898 |a BIBEDU |b BIBEDU |d 2019-11-20 |i 4638018 |o 152.3 FIS 1991 |p 4638018 |r 2019-11-20 |w 2019-11-20 |y BK |k PAR | ||